Statistics for Baseball Team Names by Clue

Click here to take the quiz!

General Stats

  • This quiz has been taken 29,107 times
  • The average score is 21 of 30

Answer Stats

Clue Team Name % Correct
Young bearsCubs
95%
Duplicate childrenTwins
93%
Red birdsCardinals
88%
SwordfishMarlins
87%
Jolly RogersPirates
86%
Beer makersBrewers
83%
Huge peopleGiants
82%
BengalsTigers
82%
Courageous onesBraves
82%
Mountain rangesRockies
80%
Uncolored footwearWhite Sox
79%
RattlesnakesDiamondbacks
79%
Scarlet footwearRed Sox
78%
Orange and black birdsOrioles
78%
Space explorersAstros
75%
Park patrollersRangers
67%
People from the Northeast U.S.Yankees
66%
Latin American priestsPadres
64%
Primary colorsReds
62%
SeamenMariners
61%
City dwellersMets
57%
Annoying birdsBlue Jays
57%
Ones who live in a countryNationals
55%
SeraphimAngels
54%
MonarchsRoyals
54%
AvoidersDodgers
53%
People from the subcontinentIndians
51%
Flat fishRays
49%
People with physical acumenAthletics
43%
Young female horsesPhillies
42%

Score Distribution

Percentile by Number Answered

Percent of People with Each Score

Your Score History

You have not taken this quiz